Normal view
MARC view
- Rohaan book
Entry Personal Name
001 - CONTROL NUMBER
- control field: 5842
003 - CONTROL NUMBER IDENTIFIER
- control field: OSt
005 - DATE AND TIME OF LATEST TRANSACTION
- control field: 20180207105241.0
008 - FIXED-LENGTH DATA ELEMENTS
- fixed length control field: 180207|| aca||aabn | a|a d
040 ## - CATALOGING SOURCE
- Original cataloging agency: OSt
- Transcribing agency: OSt
100 ## - HEADING--PERSONAL NAME
- Personal name: Rohaan book
670 ## - SOURCE DATA FOUND
- Source citation: Work cat.: (OSt): Rohaan book, Famous stories of hercules, 2004